| 000 | 01178cam a22003257a 4500 | ||
|---|---|---|---|
| 001 | 17129707 | ||
| 005 | 20170105102855.0 | ||
| 008 | 110725s2011 enkaf b 001 0 eng d | ||
| 010 | _a 2012358231 | ||
| 016 | 7 |
_a015776533 _2Uk |
|
| 020 | _a9781408818602 (hardback edition) | ||
| 020 | _a9781408820001 (trade paperback edition) | ||
| 035 | _a(OCoLC)ocn721923569 | ||
| 040 |
_aBTCTA _beng _cBTCTA _dNLE _dCDX _dYDXCP _dUKMGB _dBWK _dDEBBG _dNYP _dNDD _dWTU _dDLC |
||
| 042 | _alccopycat | ||
| 043 | _ae-it--- | ||
| 050 | 0 | 0 |
_aDG846 _b.R63 2011 |
| 082 | 0 | 4 |
_a945.731 _222 |
| 100 | 1 |
_aRobb, Peter, _d1946- |
|
| 245 | 1 | 0 |
_aStreet fight in Naples : _ba city's unseen history / _cPeter Robb. |
| 260 |
_aLondon ; _aNew York : _bBloomsbury Pub., _c2011. |
||
| 300 |
_axvii, 396 p., [8] p. of plates : _bcol. ill. ; _c25 cm. |
||
| 504 | _aIncludes bibliographical references and index. | ||
| 600 | 1 | 0 |
_aCaravaggio, Michelangelo Merisi da, _d1573-1610. |
| 651 | 0 |
_aNaples (Italy) _xHistory. |
|
| 651 | 0 |
_aNaples (Italy) _xDescription and travel. |
|
| 906 |
_a7 _bcbc _ccopycat _d2 _encip _f20 _gy-gencatlg |
||
| 942 |
_2ddc _cBK |
||
| 999 |
_c14440 _d14440 |
||